[Event "1st Grandiscacchi Cattolica 2022"]
[Site "Cattolica"]
[Date "2022.03.07"]
[Round "8.9"]
[White "Reuker, Jari"]
[Black "Van Foreest, Lucas"]
[Result "1/2-1/2"]
[WhiteElo "2425"]
[BlackElo "2563"]
[Annotator "TA"]
[PlyCount "89"]
[EventDate "2022.03.03"]
[EventType "swiss"]
[EventCountry "ITA"]
[SourceTitle "playchess.com"]
[Source "ChessBase"]
[SourceQuality "1"]

{[%evp 9,89,4,15,0,0,0,0,0,10,9,11,7,16,14,10,0,11,10,13,-30,16,0,0,0,16,0,0,0,0,0,6,0,21,0,14,0,7,3,0,0,0,0,42,22,24,16,16,12,16,0,0,0,0,0,4,4,4,4,35,35,47,47,53,47,47,47,47,47,47,43,47,47,47,47,47,6,6,6,6,6,6,0]} 1. e4 e5 2. Nf3 Nc6 3. Bb5 Nf6 {[%cal Bg8f6,Bf6e4,Be4d6][%mdl 32]} 4. O-O Nxe4 5. Re1 Nd6 $1 6. a4 {C67: Ruy Lopez: Berlin Defence: 4 0-0 Nxe4.} Be7 7. Nc3 {Inhibits e4.} O-O 8. d4 e4 9. Nxe4 Nxe4 10. Rxe4 d5 11. Re1 Bg4 {[%cal Bc8g4,Bg4h5,Bh5g6,Bg6f7,Bf7d5][%mdl 32]} 12. c3 Bd6 {[#]} 13. h3 $146 ({Predecessor:} 13. Be3 Ne7 14. Be2 c6 15. h3 Bh5 16. Ne5 Bxe2 17. Qxe2 f6 18. Nd3 Re8 19. Qf3 {½-½ (109) Lei,T (2528)-Tan,Z (2482) Hengshui 2019}) 13... Bh5 14. a5 {[#]} (14. Be2 $142) 14... a6 (14... Nxa5 $1 {deserves consideration.} 15. g4 (15. Rxa5 c6 $15) 15... Bg6) 15. Bxc6 bxc6 16. Qd3 f6 {Prevents Ne5.} 17. c4 Bg6 18. Qc3 dxc4 $1 19. Qxc4+ Bf7 20. Qxc6 {[%cal Ob2b3]} Bb4 21. Re3 Bd5 22. Qc2 Qd7 23. Bd2 Bd6 {A strong pair of Bishops.} 24. Rae1 Rab8 25. Bc3 Rfe8 (25... Rb5 $11) 26. Qd3 {Rxe8+ is the strong threat.} (26. Nd2 {with more complications.} Rxe3 27. Rxe3 Bf4 28. Re1 Bc6 29. Ne4) 26... Rxe3 27. Rxe3 Qb5 28. Qxb5 Rxb5 29. Ne1 Kf7 30. Nd3 Bc4 31. f3 c6 32. Kf2 h5 33. h4 Rb8 34. Nc5 Bxc5 35. dxc5 Re8 36. Rxe8 Kxe8 $14 {[%mdl 4096] Endgame KB-KB} 37. g4 hxg4 38. fxg4 Kf7 39. Kg3 Bb5 40. Kf4 Bc4 41. g5 fxg5+ 42. hxg5 (42. Kxg5 $14 g6 43. Bd2) 42... g6 $11 {The position is equal.} 43. Ke5 Ke7 $1 44. Bd4 Bb5 45. Bc3 {Weighted Error Value: White=0.06 (flawless) /Black=0.05 (flawless)} 1/2-1/2

[Event "1st Grandiscacchi Cattolica 2022"]
[Site "Cattolica"]
[Date "2022.03.07"]
[Round "8.10"]
[White "Ioannidis, Evgenios"]
[Black "Akshat, Khamparia"]
[Result "0-1"]
[WhiteElo "2483"]
[BlackElo "2390"]
[Annotator "TA"]
[PlyCount "56"]
[EventDate "2022.03.03"]
[EventType "swiss"]
[EventCountry "ITA"]
[SourceTitle "playchess.com"]
[Source "ChessBase"]
[SourceQuality "1"]

{[%evp 15,56,87,27,35,52,28,29,22,34,26,39,36,50,14,14,0,0,0,0,0,0,0,0,0,0,0,0,0,0,0,0,0,11,-9,15,-76,-74,-467,-472,-1033,0,-990,-931]} 1. d4 d5 2. c4 dxc4 3. e3 Nf6 4. Bxc4 e6 5. Nf3 c5 6. O-O a6 7. dxc5 Bxc5 8. Qxd8+ Kxd8 9. Be2 {D27: Queen's Gambit Accepted: Classical main line: 7 e4!? and 7 a4.} Ke7 10. Bd2 {[%cal Bc1d2,Bd2e1,Be1c3][%mdl 32]} Nbd7 {[%cal Bb8d7,Bd7f6,Bf6d5][%mdl 32] [#]} 11. Nd4 $146 {White has an edge.} ({Predecessor:} 11. Bc3 b5 12. Nbd2 Bd6 13. a4 b4 14. Bxf6+ gxf6 15. Nd4 Bb7 16. Rfc1 Rhc8 17. Nc4 {½-½ (29) Kozul,Z (2605)-Gyimesi,Z (2553) Nova Gorica 2004}) 11... Ne4 12. Be1 Ndf6 13. Nb3 Bd6 14. Nc3 b6 15. f3 Nxc3 16. Bxc3 Nd5 17. Bxg7 Rg8 18. Bd4 e5 19. Bc4 Bh3 $1 20. Rf2 exd4 21. Bxd5 dxe3 22. Re1 Rad8 {[#] Strongly threatening ...Be5. Dancing on a razor blade.} 23. Rxe3+ Kf8 {...Bf4 is the strong threat.} 24. Kf1 Bf5 25. g4 (25. Be4 $11 {remains equal.} Be6 26. g3 (26. Bxh7 Rh8 $17)) 25... Bf4 $17 {[%csl LRd5,LRe3] A strong pair of Bishops.} 26. Rc3 {[%mdl 8192] [#]} (26. Re4 $17 Bxe4 27. fxe4 Rxg4 28. h3) 26... Rxd5 $19 27. gxf5 (27. Nc1 $142) 27... Rd1+ 28. Ke2 Rgg1 {Weighted Error Value: White=0.58/Black=0.04 (flawless)} 0-1

[Event "1st Grandiscacchi Cattolica 2022"]
[Site "Cattolica"]
[Date "2022.03.08"]
[Round "9.1"]
[White "Praggnanandhaa R"]
[Black "Lodici, Lorenzo"]
[Result "1/2-1/2"]
[WhiteElo "2612"]
[BlackElo "2537"]
[Annotator "TA"]
[PlyCount "47"]
[EventDate "2022.03.03"]
[EventType "swiss"]
[EventCountry "ITA"]
[SourceTitle "playchess.com"]
[Source "ChessBase"]
[SourceQuality "1"]

{[%evp 12,47,16,24,26,1,17,10,20,7,22,24,22,0,1,0,0,-9,0,0,0,0,0,0,0,0,7,-2,0,0,0,0,0,0,0,0,0,0]} 1. e4 e5 2. Nf3 Nc6 3. Bb5 a6 4. Ba4 Nf6 5. d3 b5 6. Bb3 Bc5 7. Bg5 {7.c3 is becoming the main line.} h6 {C77: Ruy Lopez: 3...a6 4 Ba4 Nf6, unusual lines.} 8. Bh4 Be7 9. Nc3 d6 10. a4 Rb8 11. axb5 axb5 {[#]} 12. h3 $146 {The position is equal.} (12. Bxf6 $5 Bxf6 13. Nd5 $11) ({Predecessor:} 12. Bxf6 Bxf6 13. Nd5 O-O 14. O-O g6 15. Nxf6+ Qxf6 16. h3 Be6 17. Bxe6 Qxe6 18. Qd2 {1-0 (39) Predke,A (2606)-Dragnev,V (2509) Riga 2018}) 12... Nd7 {[%cal Bf6d7,Bd7c5,Bc5a4,Ba4c3][%mdl 32]} 13. Bxe7 Nxe7 14. Nd5 Nc5 15. Nxe7 Qxe7 16. Bd5 Be6 17. O-O Bxd5 18. exd5 O-O 19. d4 Na4 20. dxe5 dxe5 21. b3 Nc3 22. Qe1 {[%csl LRc3,LRe5]} Nxd5 23. Qxe5 Qxe5 24. Nxe5 {Not much happened in this game.  Weighted Error Value: White=0.03 (flawless) /Black=0.04 (flawless)} 1/2-1/2

[Event "1st Grandiscacchi Cattolica 2022"]
[Site "Cattolica"]
[Date "2022.03.08"]
[Round "9.3"]
[White "Basso, Pier Luigi"]
[Black "Narayanan.S.L"]
[Result "1/2-1/2"]
[WhiteElo "2600"]
[BlackElo "2658"]
[Annotator "TA"]
[PlyCount "39"]
[EventDate "2022.03.03"]
[EventType "swiss"]
[EventCountry "ITA"]
[SourceTitle "playchess.com"]
[Source "ChessBase"]
[SourceQuality "1"]

{[%evp 12,25,10,13,19,8,10,6,10,17,34,11,11,18,14,5]} 1. d4 Nf6 2. c4 e6 3. Nf3 d5 4. Nc3 Bb4 5. cxd5 exd5 6. Bg5 h6 7. Bh4 O-O {7...Bf5 is the modern continuation. D38: Queen's Gambit Declined: Ragozin Defence (4 Nf3 Bb4).} 8. e3 Bf5 9. Be2 Nbd7 10. Qb3 Qe7 11. O-O c6 12. a3 Bxc3 13. bxc3 {[#] An uneventful encounter.  Weighted Error Value: White=0.04 (flawless) /Black=0.03 (flawless)} {Predecessor:} b5 $146 14. a4 a6 15. Ra2 Qe6 16. Rfa1 Nb6 17. axb5 axb5 18. Ra6 Nfd7 19. h3 Rxa6 20. Rxa6 {½-½ (96) Kovalenko,I (2644)-Donchenko,A (2657) Riga 2021} 1/2-1/2

[Event "1st Grandiscacchi Cattolica 2022"]
[Site "Cattolica"]
[Date "2022.03.08"]
[Round "9.4"]
[White "Nisipeanu, Liviu-Dieter"]
[Black "Willow, Jonah B"]
[Result "1-0"]
[WhiteElo "2652"]
[BlackElo "2365"]
[Annotator "TA"]
[PlyCount "121"]
[EventDate "2022.03.03"]
[EventType "swiss"]
[EventCountry "ITA"]
[SourceTitle "playchess.com"]
[Source "ChessBase"]
[SourceQuality "1"]

{[%evp 16,121,6,12,12,3,10,10,16,4,14,7,18,20,20,20,23,20,24,23,23,14,23,23,23,23,38,35,23,27,41,30,30,31,58,61,67,55,58,39,179,151,164,142,150,156,156,160,204,183,203,197,382,353,347,371,388,417,364,268,573,579,522,496,712,665,1052,1093,2169,2078,12830,12832,12832,12833,5604,12832,12835,12835,12833,12833,12836,12836,12842,12843,12845,12845,12845,12844,12847,12846,12846,12847,12850,12846,12846,12847,12848,12849,12849,12850,12850,27999,27999,27999,27999,27999,27999,27999]} 1. c4 Nf6 2. Nc3 e6 3. e4 d5 4. e5 d4 5. exf6 dxc3 6. bxc3 Qxf6 7. Nf3 b6 8. d4 Bb7 9. Bd3 h6 {Prevents Bg5. A18: English Opening: Flohr-Mikenas System (1 c4 Nf6 2 Nc3 e6 3 e4).} 10. O-O $1 {10.0-0 scores better than 10.Qe2.} Bxf3 11. Qxf3 Qxf3 {The position is equal.} 12. gxf3 Nd7 13. a4 a5 14. Re1 Bd6 15. f4 {[#]} O-O $146 ({Predecessor:} 15... g6 16. Be4 O-O-O 17. Rb1 c5 18. Be3 Kc7 19. h4 Be7 20. Kg2 cxd4 21. cxd4 Bb4 {1-0 (55) Svoboda,F (2416)-Mudra,O (2154) ICCF email 2011}) 16. Be4 Rad8 17. Bc6 Nb8 18. Bf3 Nd7 19. Rb1 c5 20. Rb5 cxd4 21. cxd4 Rc8 22. Be2 Bb4 23. Rd1 {[%cal Be1d1,Bd1d3,Bd3h3][%mdl 32]} g6 24. f5 gxf5 25. Bxh6 Rfe8 26. Rd3 Kh7 27. Rh3 {[%cal Oc4c5] Strongly threatening c5!} Rh8 {[#] A mistake that costs the game.} (27... Kg6 $14) 28. Bf8+ $1 $18 {A strong pair of Bishops.} Kg8 29. Rxh8+ Kxh8 30. Bxb4 axb4 31. Rxb4 {[%mdl 4096] Endgame KRB-KRN} Rg8+ (31... Rd8 $16 {is a better defense.} 32. h4 Kg7) 32. Kf1 {[%cal Oc4c5]} Kg7 33. h4 Kf6 $2 (33... Rd8 34. Bf3 Rc8) 34. c5 bxc5 35. Rb7 Nb8 (35... Rd8 $2 36. Bb5 Nf8 37. dxc5 $18) 36. dxc5 Nc6 37. Bb5 Rc8 (37... Ne7 {is more resistant.} 38. a5 Rc8) 38. Bxc6 Rxc6 {[#] KR-KR} 39. Rb5 Ke5 (39... f4 $142 40. Ke2 Kf5) 40. h5 Rc8 41. a5 {[%cal Ba4a5,Ba5a6,Ba6a7][%mdl 32]} Rh8 42. a6 Rxh5 43. Ra5 Rh8 44. a7 Ra8 45. Ra6 Kd5 46. c6 Kd6 47. Ke2 e5 48. Kd3 f4 49. Ke4 Ke6 50. c7+ Kd7 51. Rf6 Kxc7 52. Rxf7+ Kd6 53. Rf6+ Kc5 54. Ra6 Kb5 55. Ra1 Kc6 56. Kxe5 f3 57. Ke4 Kb7 58. Kxf3 Rf8+ {White mates.} 59. Ke4 Re8+ 60. Kd5 Ka8 61. f4 {Weighted Error Value: White=0.04 (flawless) /Black=0.34} 1-0

[Event "1st Grandiscacchi Cattolica 2022"]
[Site "Cattolica"]
[Date "2022.03.08"]
[Round "9.5"]
[White "Davtyan, Artur"]
[Black "Moroni, Luca Jr"]
[Result "0-1"]
[WhiteElo "2460"]
[BlackElo "2588"]
[Annotator "TA"]
[PlyCount "104"]
[EventDate "2022.03.03"]
[EventType "swiss"]
[EventCountry "ITA"]
[SourceTitle "playchess.com"]
[Source "ChessBase"]
[SourceQuality "1"]

{[%evp 9,104,19,35,28,33,31,29,29,40,26,35,20,30,31,40,42,43,35,51,56,53,55,62,35,43,35,37,45,46,43,47,23,39,0,0,0,0,0,0,-12,-13,-7,-4,-6,-12,-51,-37,-69,0,0,0,0,0,-6,-4,-53,-31,-33,-26,-132,-118,-483,-31,-502,-497,-494,-491,-518,-510,-537,-536,-531,-484,-584,-554,-791,-759,-797,-766,-921,-937,-1074,-1047,-5570,-5570,-8077,-8077,-5700,-5706,-5161,-1857,-29987,-3535,-29987,-29988,-29988,-29989]} 1. d4 Nf6 2. c4 e6 3. Nf3 a6 4. Nc3 d5 5. cxd5 exd5 6. Bg5 {D37: Queen's Gambit Declined: 5 Bf4.} Be6 7. e3 Nbd7 8. Bd3 {White has an edge.} Bd6 9. h3 O-O 10. Bf4 Qe7 11. O-O Rfe8 12. Qc2 h6 {[#]} 13. Rad1 $146 ({Predecessor:} 13. Rfe1 c5 14. dxc5 Bxc5 15. Rad1 Rac8 16. a3 b5 17. b4 Ba7 18. Qb2 Nb6 19. e4 dxe4 20. Nxe4 Nxe4 21. Rxe4 {0-1 (29) Jumabayev,R (2637)-Fedoseev,V (2687) Chess.com INT 2021}) 13... Bxf4 14. exf4 Nb6 15. Rfe1 Qd6 16. Re5 Rac8 17. Qd2 c5 18. dxc5 Qxc5 {[#]} 19. Nd4 $1 Bd7 (19... Qxd4 $2 {[#]} 20. Bh7+ $1 {[%mdl 512]} Kxh7 21. Qxd4 $18) 20. Nb3 Qc7 21. Qe3 Nc4 22. Bxc4 dxc4 23. Nd4 b5 24. a3 Rcd8 25. Nc2 Be6 26. Rxd8 Rxd8 27. Nd4 {Pair of Knights!} (27. f5 {with more complications.} Bc8 28. a4 bxa4 29. Rc5 Qb8 30. Qc1) 27... Bc8 28. Ne4 Nxe4 (28... Nd5 $1 $15 29. Qf3 (29. Qg3 $2 Qb6 $19) 29... Kf8) 29. Qxe4 $11 Bd7 30. f5 Qb6 31. Re7 {[%cal Oe7d7] And now Rxd7! would win.} Kf8 32. Qe3 (32. Re5 $11) 32... Qd6 33. Re5 Bc8 34. Ne2 {White is on the road to losing.} (34. f3 $11) 34... f6 35. Rc5 {[%mdl 8192]} (35. Re4 $17 {nothing else works.}) 35... Qd1+ $19 36. Kh2 {Nf4 is the strong threat.} Re8 37. Rxc8 {[%csl Gc8][%cal Re3e8]} Qd6+ ({Weaker is} 37... Rxc8 38. Nd4 Kg8 39. Qe6+ Kh7 40. Qxc8 $17) 38. Nf4 {[%csl Gc8][%cal Re3e8]} Rxc8 {[%mdl 4096] Endgame KQR-KQN} 39. g3 Kg8 40. Ne6 {Strongly threatening Qa7.} Kh8 41. Qa7 {[%csl Ge6][%cal Ra7g7]} Rg8 42. Nd4 Qd5 43. g4 a5 {[%cal Ba6a5,Ba5b4,Bb4c3,Bc3c2][%mdl 32]} 44. Qb6 b4 45. axb4 axb4 46. Ne6 c3 {Hoping for ...Qe5+.} 47. bxc3 bxc3 {( -> ...c2)} 48. Nf4 Qe5 49. Kg3 Rc8 (49... Qb8 $142 50. Qxb8 Rxb8) 50. Qb7 Qc7 (50... Rc4 $142 51. Qf7 Qxf4+ 52. Kg2 Qe4+ 53. Kh2 c2 54. g5 hxg5 55. Qf8+ Kh7 56. Qf7 c1=Q 57. Qg6+ Kg8 58. Qe8+ Qxe8 59. h4 Rxh4+ 60. Kg3 Qg1+ 61. Kf3 Rh3#) 51. Qb1 c2 52. Qc1 Qd6 {Weighted Error Value: White=0.84/Black=0.25 (precise)} 0-1

[Event "1st Grandiscacchi Cattolica 2022"]
[Site "Cattolica"]
[Date "2022.03.08"]
[Round "9.6"]
[White "Akshat, Khamparia"]
[Black "Sebenik, Matej"]
[Result "1/2-1/2"]
[WhiteElo "2390"]
[BlackElo "2510"]
[Annotator "TA"]
[PlyCount "59"]
[EventDate "2022.03.03"]
[EventType "swiss"]
[EventCountry "ITA"]
[SourceTitle "playchess.com"]
[Source "ChessBase"]
[SourceQuality "1"]

{[%evp 9,59,14,15,0,3,-6,-9,-4,9,4,11,12,20,15,26,-23,-14,-25,-23,-51,0,-9,-14,-25,47,54,54,0,0,0,0,-132,0,-383,-389,-389,-387,-395,-282,-284,0,0,0,0,0,0,0,0,0,-18,0,0]} 1. d4 d5 2. Nf3 Nf6 3. Bf4 e6 4. e3 Bd6 5. Nbd2 O-O 6. c3 {D02: 1 d4 d5 2 Nf3 sidelines, including 2...Nf6 3 g3 and 2...Nf6 3 Bf4.} c5 7. Ne5 Qc7 8. Bd3 Nc6 {[%cal Rc6e5,Bb8c6,Bc6e7,Be7f5][%mdl 32]} 9. Ndf3 cxd4 10. exd4 Ne4 11. Bg3 {[%cal Oe5c4]} Ne7 {[#]} 12. Nc4 $146 ({Predecessor:} 12. Qc2 f6 13. Ng4 Ng6 14. O-O Bd7 15. Rfe1 Rac8 16. Qb3 Kh8 17. Ne3 f5 18. Bxd6 Qxd6 {½-½ (67) Hafiz,A (2234)-Tin,J (2485) Tornelo INT 2021}) 12... Bxg3 $11 ({Don't take} 12... Nxg3 13. hxg3 h6 14. Nxd6 Qxd6 15. Bc2 $14) 13. hxg3 Nf5 $1 {Hoping for ...Nexg3.} 14. Rh3 {[%cal Og3g4] [#]} Nxc3 $1 15. bxc3 dxc4 16. Bc2 f6 (16... h6 $11) 17. g4 $14 Nh6 18. g5 fxg5 {[%cal Oe6e5] ...e5! is the strong threat.} 19. Nxg5 e5 $1 $36 {[%mdl 2048] Black is more active.} (19... Qf4 $2 20. Bxh7+ Kh8 21. Rf3 $16) 20. Bxh7+ Kh8 21. Re3 {[%mdl 8192] [#]} (21. Rg3 $1 $11 {and White stays safe.}) 21... Bg4 $1 $19 22. f3 exd4 23. Qxd4 Qg3+ 24. Kf1 Qh4 $2 ({Inferior is} 24... Bxf3 25. Rxf3 Qxg5 26. Be4 $17) ({Better is} 24... Bf5 $19 25. Ne4 Qh4 26. Bxf5 Nxf5) 25. Ne6 $11 {[%csl Ge6][%cal Rd4g7] Dancing on a razor blade. The position is equal.} Rf6 26. Kg1 {Inhibits Qh1+. Strongly threatening Bc2.} Kxh7 27. fxg4 Qxg4 28. Re4 {Active counter play!} Qg3 29. Rae1 (29. Rf1 $5 {[%cal Rf1f6]} Nf5 30. Qc5 $11) 29... Qd3 30. Qxc4 {Weighted Error Value: White=0.27 (precise) /Black=0.22 (precise)} 1/2-1/2

[Event "1st Grandiscacchi Cattolica 2022"]
[Site "Cattolica"]
[Date "2022.03.08"]
[Round "9.7"]
[White "Kamalidenova, Meruert"]
[Black "Dimitrov, Radoslav"]
[Result "1/2-1/2"]
[WhiteElo "2362"]
[BlackElo "2487"]
[Annotator "TA"]
[PlyCount "143"]
[EventDate "2022.03.03"]
[EventType "swiss"]
[EventCountry "ITA"]
[SourceTitle "playchess.com"]
[Source "ChessBase"]
[SourceQuality "1"]

{[%evp 9,143,53,63,22,13,-11,-4,-14,0,0,0,0,-2,-93,-96,-107,-103,-107,-95,-102,-101,-105,-109,-98,-85,-66,-6,-9,-8,-11,-7,-7,-9,-41,-23,-11,0,-31,-40,-43,-46,-40,-45,-47,-57,-61,-50,-97,-65,-108,-50,-71,-81,-98,-23,-14,-15,-16,0,0,14,0,0,0,0,0,0,0,0,0,0,0,0,0,0,0,0,0,0,0,0,0,0,0,0,0,0,0,0,0,45,0,0,0,0,0,0,0,0,0,0,0,0,4,11,14,18,0,0,0,-28000,-28000,-28000,-28000,-28000,-28000,-28000,-28000,-28000,-28000,-28000,-28000,-28000,-28000,-28000,-28000,-28000,-28000,-28000,-28000,-28000,-28000,-28000,-28000,-28000,-28000]} 1. e4 d5 2. exd5 Nf6 3. d4 Nxd5 4. Nf3 g6 5. Be2 Bg7 6. h4 {B01: Scandinavian Defence.} (6. O-O $14) 6... Bg4 7. Ne5 Bxe2 8. Qxe2 {[#] The position is equal.} Nc6 $146 ({Predecessor:} 8... Nd7 9. h5 c6 10. hxg6 hxg6 11. Rxh8+ Bxh8 12. Nd2 Nxe5 13. dxe5 Qa5 14. c3 Nf4 {0-1 (44) Tan,H (2194)-Dekker,J Guernsey 2001}) 9. Nxc6 bxc6 10. c3 O-O {Threatening ...Re8.} 11. Nd2 {[#]} (11. O-O $11) 11... e5 $1 $17 12. dxe5 Nf4 $1 {[%csl LRe2,LRg2]} 13. Qe4 {[%csl LRc6,LRf4]} Nd3+ 14. Ke2 Nxe5 {And now ...Re8 would win.} 15. Nf3 {[#]} Re8 $1 16. Be3 f5 17. Qd4 f4 ({Better is} 17... Ng4 $15 18. Qc4+ Qd5 19. Qxd5+ cxd5) 18. Qxd8 $1 $11 Raxd8 19. Bxf4 Nd3+ {[%cal Be5d3,Bd3b2,Bb2c4][%mdl 32]} 20. Be3 Nxb2 21. a4 Nc4 22. Rhd1 Rd5 23. Rab1 Bxc3 24. Rdc1 Nxe3 25. fxe3 Ba5 26. Rxc6 Bb6 27. Rc3 Re4 28. Ra3 (28. Rb5 $15 {might be stronger.} Rf5 29. Rxf5 gxf5 30. g3) 28... Rc4 29. Rb2 (29. Nd4 $15) 29... Bc5 (29... Rg4 $17 30. Kf2 Rf5) 30. Rb8+ $15 Kg7 31. Ra2 {To avoid Rc2+} Rc3 (31... Rg4 $17 32. Kf2 Rf5) 32. Re8 $11 Rdd3 {[%cal Rd3e3]} 33. Nd4 Kf7 34. Re4 a6 35. Rd2 Rxd2+ 36. Kxd2 {[%mdl 4096] Endgame KRB-KRN} Ra3 37. Nc2 {aiming for Rc4.} Rb3 $1 38. g4 h6 39. Rf4+ Ke7 40. h5 gxh5 41. gxh5 Rb1 42. Rf5 Bd6 43. e4 c5 44. Ne3 Ke6 45. Nc4 Be7 46. Re5+ Kd7 47. a5 Rh1 48. Kc2 Bg5 49. Rxc5 Rh2+ (49... Rxh5 $11 {is superior.} 50. Rd5+ Kc6) 50. Kb3 (50. Kd3 $14) 50... Rxh5 51. Rd5+ Kc7 52. Rd6 Rh3+ 53. Kc2 Be7 54. Rxa6 {Black must now prevent Ra7+.} Bb4 55. Ne5 {Hoping for Rc6+.} Rc3+ 56. Kd1 Bd6 57. Nf7 Bb4 58. Nxh6 Rc6 59. Rxc6+ {[%mdl 8192]} (59. Ra7+ $11 Kb8 60. Rh7) 59... Kxc6 {KB-KN} 60. a6 {Mate.} Kb6 61. Ke2 Kxa6 62. Kd3 Kb6 63. Kd4 Kc6 64. Ke5 Kd7 65. Kf5 Bc3 66. Nf7 Bb2 67. Ng5 Ke7 68. Nf3 Kf7 69. Nd2 Bc3 70. Nc4 Ba1 71. e5 Bxe5 72. Kxe5 {[%mdl 32768] Weighted Error Value: White=0.10 (very precise) /Black=0.08 (flawless) . An unexpected result.} 1/2-1/2

[Event "1st Grandiscacchi Cattolica 2022"]
[Site "Cattolica"]
[Date "2022.03.08"]
[Round "9.8"]
[White "Van Foreest, Lucas"]
[Black "Assaubayeva, Bibisara"]
[Result "1-0"]
[WhiteElo "2563"]
[BlackElo "2434"]
[Annotator "TA"]
[PlyCount "57"]
[EventDate "2022.03.03"]
[EventType "swiss"]
[EventCountry "ITA"]
[SourceTitle "playchess.com"]
[Source "ChessBase"]
[SourceQuality "1"]

{[%evp 9,57,24,13,-14,0,0,12,0,0,0,27,24,15,30,45,25,18,-15,13,6,52,0,0,0,228,216,310,309,301,303,295,288,273,258,323,333,490,408,762,710,725,759,743,736,1114,1088,29991,29992,29992,29993]} 1. d4 Nf6 2. g3 g6 3. Bg2 d5 4. Nf3 Bg7 5. O-O O-O {[%cal Oc7c5]} 6. a4 {D02: 1 d4 d5 2 Nf3 sidelines, including 2...Nf6 3 g3 and 2...Nf6 3 Bf4.} a5 (6... c5 $5) 7. Na3 $5 {[%mdl 4] Exploring less charted territory.} c6 8. c4 {[#] The position is equal.} Ne4 $146 ({Predecessor:} 8... Na6 9. cxd5 Nxd5 10. Nc4 Nab4 11. e4 Nb6 12. Nce5 Nd7 13. Nc4 b6 14. Be3 Ba6 {1-0 (55) Sjugirov,S (2675)-Mikhalevski,V (2560) Chess.com INT 2020}) 9. Bf4 Na6 10. cxd5 cxd5 11. Qb3 e6 12. Nb5 Bd7 13. Ne5 {[%cal Bf3e5,Be5f7,Bf7d6][%mdl 32]} Bc6 (13... Bxb5 $5 14. axb5 (14. Qxb5 Nd6 $11) 14... Nb4 $11) 14. Rac1 Qb6 (14... Nb4 $11) 15. h4 (15. Bxe4 $14 dxe4 16. Nc4) 15... Nf6 $11 16. Rfd1 Rfc8 $2 {[#]} (16... Nb4 $11) 17. Nxf7 $1 $18 Bxb5 (17... Rf8 $142) 18. Rxc8+ (18. Qxb5 Qxb5 19. axb5 Kxf7 $16) 18... Rxc8 19. Nd6 {[%mdl 64] Pin} ({Weaker is} 19. Qxb5 Qxb5 20. axb5 Kxf7 $14) 19... Rd8 20. Nxb5 ({Less strong is} 20. axb5 Nc7 $16) 20... Rc8 21. Bf3 Rc4 22. Qe3 {[#] Nd6 is the strong threat.} Rxa4 (22... Rc6 {might work better.} 23. h5 gxh5) 23. Rc1 h5 (23... Rc4 $142) 24. Nd6 Kh7 25. b3 Rxd4 26. Nf7 {Strongly threatening Ng5+.} Rb4 27. Ng5+ Kh8 28. Rc8+ Ng8 29. Qd3 {Weighted Error Value: White=0.10 (very precise) /Black=0.85} 1-0

[Event "1st Grandiscacchi Cattolica 2022"]
[Site "Cattolica"]
[Date "2022.03.08"]
[Round "9.9"]
[White "Nikolov, Momchil"]
[Black "Reuker, Jari"]
[Result "0-1"]
[WhiteElo "2501"]
[BlackElo "2425"]
[Annotator "TA"]
[PlyCount "86"]
[EventDate "2022.03.03"]
[EventType "swiss"]
[EventCountry "ITA"]
[SourceTitle "playchess.com"]
[Source "ChessBase"]
[SourceQuality "1"]

{[%evp 29,86,20,22,0,35,40,29,7,11,12,94,99,104,89,128,118,187,180,206,170,267,259,329,191,383,393,345,85,285,231,518,276,481,484,755,-308,-286,-312,-268,-820,-816,-831,-695,-656,-506,-506,-506,-502,-502,-501,-490,-479,-477,-554,-418,-418,-418,-396,-396]} 1. d4 Nf6 2. c4 g6 3. Nc3 Bg7 4. e4 d6 5. Nf3 O-O 6. Be2 e5 7. Be3 exd4 8. Nxd4 Re8 9. f3 c6 10. Bf2 d5 11. exd5 cxd5 12. c5 Nc6 13. O-O Nh5 14. Qd2 Be5 15. g3 Ng7 16. Rfe1 {E92: King's Indian: Classical: 6 Be2 e5: 7 dxe5, 7 Be3 and Petrosian System without 7...Nbd7.} Be6 17. Bb5 Bd7 18. Bf1 {[#] White has an edge.} Bxd4 $146 ({Predecessor:} 18... Nxd4 19. Bxd4 Bxd4+ 20. Qxd4 Ne6 21. Qxd5 Bc6 22. Qxd8 Rexd8 23. Kf2 Rd2+ 24. Re2 Rd4 25. Re5 Rd2+ 26. Re2 Rd4 27. Re5 Rd2+ 28. Re2 Rd4 {½-½ (28) Nguyen,V (2416)-Dang,H (2350) Hanoi 2016}) 19. Bxd4 Nf5 (19... Rxe1 $11 {remains equal.} 20. Rxe1 Nxd4 21. Qxd4 Ne6 22. Qxd5 Bc6 23. Qxd8+ Rxd8) 20. Rxe8+ $16 Qxe8 {[#]} 21. Re1 $1 Qf8 (21... Qd8 22. Bf2) 22. Bf2 {This bishop pair is nice.} d4 {[#]} (22... Be6 $16) 23. Ne4 $1 $18 Qg7 {Inhibits Nf6+.} 24. g4 Nfe7 (24... Ne3 {keeps fighting.}) 25. b4 {[%cal Bb2b4,Bb4b5][%mdl 32] Hoping for b5.} Nd5 26. a3 (26. b5 $142 Ne5 27. Ng5) 26... a5 $2 (26... h6 27. Nd6 Qf6) 27. b5 Ne5 28. Bg2 (28. Ng5 $18 {has better winning chances.} d3 29. Bd4) 28... d3 (28... Nc4 $16 29. Qxd4 Qxd4 30. Bxd4 Bxb5) 29. a4 Nb4 $2 (29... g5 {was called for.} 30. Bg3 (30. Qxg5 Qxg5 31. Nxg5 Nc3 $18) 30... h6) 30. Qc3 ({Less strong is} 30. Nd6 Be6 31. g5 (31. Nxb7 Nc4 $17) 31... Rb8 $18) 30... Nc2 $2 (30... h6 31. f4 f5 32. Nf6+ Qxf6 33. fxe5 Qe7 34. Bxb7 Re8) 31. g5 {Strongly threatening Nf6+.} Nxe1 (31... Nxf3+ $142 32. Bxf3 Qxc3 33. Nxc3 Nxe1 34. Bxe1 Re8) 32. Nf6+ $4 {[%mdl 8192] [#]} (32. Bxe1 $18 Kh8 33. Nf6) 32... Qxf6 $3 $19 {[%mdl 512]} 33. gxf6 d2 {Really sharp!} 34. Qb3 (34. Qxe5 d1=Q 35. Qxe1 Qxa4 36. c6 bxc6 37. b6) 34... Rd8 35. Qd1 Nxg2 36. Kxg2 {[%cal Of2e1]} Be6 {aiming for ...Bd5.} 37. Bg3 Nc4 {( -> ...Ne3+)} 38. Bf4 {Inhibits Ne3+.} Nb2 39. Qxd2 Rxd2+ 40. Bxd2 Nxa4 41. c6 bxc6 42. bxc6 Nb6 43. Bxa5 Nd5 {Weighted Error Value: White=0.84/Black=0.69} 0-1